Organizational behavior / (Record no. 2194)

000 -LEADER
fixed length control field 00391nam a22001337a 4500
008 - FIXED-LENGTH DATA ELEMENTS--GENERAL INFORMATION
fixed length control field 200217b ||||| |||| 00| 0 eng d
020 ## - INTERNATIONAL STANDARD BOOK NUMBER
International Standard Book Number 9788131711323
100 ## - MAIN ENTRY--PERSONAL NAME
9 (RLIN) 1779
Personal name Robbins, Stephen P.
245 10 - TITLE STATEMENT
Title Organizational behavior /
260 ## - PUBLICATION, DISTRIBUTION, ETC. (IMPRINT)
Place of publication, distribution, etc New Delhi
Name of publisher, distributor, etc Pearson Education
Date of publication, distribution, etc 2008
300 ## - PHYSICAL DESCRIPTION
Extent xxix,829p.
650 #0 - SUBJECT ADDED ENTRY--TOPICAL TERM
Topical term or geographic name as entry element Organization Behaviour
General subdivision Management
942 ## - ADDED ENTRY ELEMENTS (KOHA)
Item type Books
Holdings
Withdrawn status Lost status Source of classification or shelving scheme Damaged status Not for loan Permanent location Current location Date acquired Source of acquisition Full call number Barcode Date last seen Cost, replacement price Koha item type Cost, normal purchase price
          IMU Kolkata IMU Kolkata 2008-02-24 Jyoti, the Book People 658.3 R632 09971 2020-02-17 475.00 Books  
          IMU Kolkata IMU Kolkata 2020-06-22 13     2020-06-22 475.00 Books 475.00
Designed and Maintained by IMU-KC Library, Kolkata Campus © Copyright All Rights Reserved

webs counters

Powered by Koha